Hago lo que puedo entre lo que quiero y lo que debo : el proceso de formación identitaria en los escolares jesuitas /
Esta investigación analiza el proceso de construcción de identidad en los escolares jesuitas en un contexto contemporáneo marcado por incertidumbre, búsqueda de sentido y transformaciones culturales. A partir de un marco teórico sociológico sobre la identidad y del estudio del contexto sociohistóric...
Guardat en:
| Autor principal: | |
|---|---|
| Altres autors: | , , |
| Format: | Thesis Llibre |
| Idioma: | espanyol |
| Publicat: |
Guadalajara, México :
edición de autor,
2007
|
| Matèries: | |
| Etiquetes: |
Sense etiquetes, Sigues el primer a etiquetar aquest registre!
|
MARC
| LEADER | 00000nam^a2200000^a^4500 | ||
|---|---|---|---|
| 001 | 000289587 | ||
| 005 | 20260326211006.0 | ||
| 009 | 20260407173221.672 | ||
| 037 | |a Acervo Xavier Clavigero | ||
| 041 | |a ESP | ||
| 090 | |a MFS. 31 | ||
| 100 | |a Cámara Lugo, Ricardo |e (autor) | ||
| 245 | 1 | 0 | |a Hago lo que puedo entre lo que quiero y lo que debo : |b el proceso de formación identitaria en los escolares jesuitas / |c R. Cámara Lugo, R. Lería Ortega, R. Padilla Obeso, J. Suárez Trueba. |
| 264 | 1 | |a Guadalajara, México : |b edición de autor, |c 2007 | |
| 300 | |a 1 disco compacto de computadora | ||
| 336 | |a datos para computadora |b cod |2 rdacontenido | ||
| 337 | |a computadora |b c |2 rdamedio | ||
| 338 | |a disco de computadora |b cd |2 rdasoporte | ||
| 502 | |a ITESO Tesis de Maestría en Filosofía Social | ||
| 520 | |a Esta investigación analiza el proceso de construcción de identidad en los escolares jesuitas en un contexto contemporáneo marcado por incertidumbre, búsqueda de sentido y transformaciones culturales. A partir de un marco teórico sociológico sobre la identidad y del estudio del contexto sociohistórico de la Compañía de Jesús, el trabajo examina cómo interactúan la identidad individual del aspirante y la identidad institucional de la Orden. | ||
| 649 | |a XX | ||
| 650 | |a Jesuitas - |x Formación | ||
| 650 | |a Jesuitas - |x Historia | ||
| 650 | |a Jesuitas - |x Tema Principal | ||
| 650 | |a Identidad Personal - |x Tema Principal | ||
| 650 | |a Vida Monástica y Religiosa | ||
| 650 | |a Monasticismo y Ordenes Religiosas | ||
| 650 | |a Iglesia Católica | ||
| 650 | |a Catolicismo | ||
| 650 | |a Cristianismo | ||
| 650 | |a Religión | ||
| 650 | |a Sociología de la Religión | ||
| 700 | |a Lería Ortega, Rafael |e (autor) | ||
| 700 | |a Padilla Obeso, Roberto |e (autor) | ||
| 700 | |a Suárez Trueba, José |e (autor) | ||
| 910 | |a Fondo General | ||
| 920 | |a Electrónicos - Tesis del ITESO en Disco | ||
| 905 | |a 202 | ||
| 901 | |a 0500176963 |b IT2 |c STS |i 000054 |u 20250521 | ||
| 902 | |a https://opac.biblio.iteso.mx/vufind/Record/000289587 | ||